[Event "ROM-ch U10"]
[Site "Calimanesti"]
[Date "2018.03.27"]
[Round "1"]
[White "Coman, Andrei M"]
[Black "Popa, Eduard Gabriel"]
[Result "0-1"]
[WhiteElo "1081"]
[BlackElo "1001"]
[PlyCount "64"]
[EventDate "2018.03.27"]
[EventType "swiss"]
[EventRounds "9"]
[EventCountry "ROU"]
[SourceTitle "CBM 183 Extra"]
[Source "ChessBase"]
[SourceDate "2018.04.19"]
[SourceVersion "1"]
[SourceVersionDate "2018.04.19"]
[SourceQuality "1"]

1. e4 e5 2. Nf3 Nc6 3. Bc4 Nf6 4. d3 Bc5 5. c3 d6 6. 0-0 0-0 7. h3 h6 8. Nbd2 d5 9. exd5 Nxd5 10. Re1 Re8 11. Nf1 Bf5 12. Ng3 Bg6 13. Qb3 Rb8 14. Bxd5 Na5 15. Qa4 Qxd5 16. Qxa5 Bxf2+ 17. Kxf2 Qxa5 18. d4 e4 19. Ne5 f6 20. Nxg6 f5 21. Bf4 Kh7 22. Nh4 g5 23. Bxc7 Qxc7 24. Nhxf5 Rf8 25. Rxe4 Rbe8 26. Rae1 Qc6 27. Re7+ Rxe7 28. Rxe7+ Kh8 29. Re4 Qb5 30. Re5 Qxb2+ 31. Ke3 Qxc3+ 32. Ke4 Qc6+ 0-1